[Event "Aulnoye Aymeries op 8th"]
[Site "Aulnoye Aymeries"]
[Date "2011.07.25"]
[Round "1"]
[White "Levers, Jimmy"]
[Black "Renard, Stephane"]
[Result "0-1"]
[WhiteElo "1567"]
[BlackElo "1968"]
[PlyCount "112"]
[EventDate "2011.07.25"]
[EventType "swiss"]
[EventRounds "9"]
[EventCountry "FRA"]
[SourceTitle "EXT 2020"]
[Source "ChessBase"]
[SourceDate "2019.10.17"]
[SourceVersion "1"]
[SourceVersionDate "2019.10.17"]
[SourceQuality "1"]

1. d4 f5 2. Nf3 Nf6 3. e3 e6 4. Bd3 d5 5. 0-0 Bd6 6. b3 Qe7 7. Nbd2 0-0 8. c4 b6 9. Bb2 c6 10. Rc1 Nbd7 11. Qc2 Bb7 12. Rfd1 Ne4 13. g3 Rf6 14. Ne5 g5 15. Nxd7 Qxd7 16. f3 Nxd2 17. Qxd2 Raf8 18. c5 Bc7 19. b4 b5 20. Rf1 Qe8 21. Qc3 Bc8 22. f4 Bd7 23. Rf2 h5 24. Rg2 g4 25. Rcc2 Kg7 26. Kf1 Rh8 27. Ke1 Rfh6 28. Bf1 h4 29. a3 a6 30. Ba1 Qh5 31. Qb2 Bd8 32. Rcf2 Be7 33. Kd1 Kf7 34. Ke1 Qg6 35. Qd2 Qh7 36. Kd1 Bf6 37. Ke1 Ke7 38. Qb2 hxg3 39. hxg3 Rh1 40. Qd2 Qh3 41. Bc3 Be8 42. Kd1 Bh5 43. Kc2 Bh4 44. Rh2 Qxg3 45. Rxh1 Qxf2 46. Qxf2 Bxf2 47. Bd2 Kf7 48. Bg2 Kg6 49. Kd3 Rh7 50. Bf1 Rh6 51. Be2 g3 52. Bxh5+ Rxh5 53. Rxh5 Kxh5 54. Ke2 Kg4 55. Kf1 Kf3 56. Bc1 g2# 0-1

[Event "Bethune op-B 25th"]
[Site "Bethune"]
[Date "2004.12.30"]
[Round "7"]
[White "Linsmeier, Michel"]
[Black "Levers, Jimmy"]
[Result "1-0"]
[WhiteElo "1380"]
[BlackElo "1260"]
[PlyCount "79"]
[EventDate "2004.12.26"]
[EventType "swiss"]
[EventRounds "7"]
[EventCountry "FRA"]
[SourceTitle "EXT 2006"]
[Source "ChessBase"]
[SourceDate "2005.11.24"]
[SourceVersion "1"]
[SourceVersionDate "2005.11.24"]
[SourceQuality "1"]

1. e4 c5 2. Bc4 e6 3. Nc3 d6 4. Nf3 Bd7 5. h3 Be7 6. a3 a6 7. b4 b5 8. Ba2 c4 9. d4 Nf6 10. e5 Nd5 11. Nxd5 exd5 12. Bf4 Qb6 13. 0-0 0-0 14. c3 h6 15. Re1 Bg5 16. Bxg5 hxg5 17. Nxg5 dxe5 18. Qh5 Bf5 19. Bb1 Qg6 20. Qxg6 Bxg6 21. Bxg6 fxg6 22. Rxe5 Nc6 23. Rxd5 Rab8 24. Rd6 Ne7 25. Re6 Nf5 26. Rae1 Rf6 27. d5 Rd8 28. Rd1 Nd6 29. f3 Rf5 30. Ne4 Nb7 31. d6 Rd7 32. Kf2 Kf8 33. Rxg6 Kf7 34. Rg5 Rxg5 35. Nxg5+ Kf6 36. Ne4+ Ke6 37. Nc5+ Nxc5 38. bxc5 Ra7 39. Ke2 Kd7 40. g4 1-0

[Event "FRA-chT3 North 0304"]
[Site "France"]
[Date "2003.10.12"]
[Round "1.9"]
[White "Levers, Jimmy"]
[Black "Galaczy, Marie"]
[Result "0-1"]
[WhiteElo "1060"]
[BlackElo "1310"]
[PlyCount "70"]
[EventDate "2003.11.??"]
[EventType "team"]
[EventRounds "9"]
[EventCountry "FRA"]
[SourceTitle "EXT 2006"]
[Source "ChessBase"]
[SourceDate "2005.11.24"]
[SourceVersion "1"]
[SourceVersionDate "2005.11.24"]
[SourceQuality "1"]
[WhiteTeam "Aulnoye"]
[BlackTeam "Le Touquet"]
[WhiteTeamCountry "FRA"]
[BlackTeamCountry "FRA"]

1. d4 Nc6 2. Nf3 d5 3. e3 g6 4. Bd3 Bg7 5. Qe2 Bg4 6. Nbd2 e5 7. 0-0 e4 8. Bb5 exf3 9. Nxf3 Nge7 10. h3 Bxf3 11. Qxf3 a6 12. Bd3 Nb4 13. Bd2 Nxd3 14. cxd3 0-0 15. Bb4 a5 16. Bxe7 Qxe7 17. Rac1 Rad8 18. Rc2 b6 19. Rfc1 Rc8 20. Qg3 c5 21. dxc5 bxc5 22. Qf3 Rfd8 23. d4 c4 24. b3 Qe6 25. bxc4 dxc4 26. Qe2 Rc7 27. Rxc4 Rcd7 28. Qd2 Rd5 29. a4 Bh6 30. Rc5 Rxd4 31. Qxa5 Rd1+ 32. Rxd1 Rxd1+ 33. Kh2 Qd6+ 34. Re5 f6 35. Qa8+ Bf8 0-1

[Event "FRA-ch du Nord"]
[Site "France"]
[Date "2003.04.15"]
[Round "7"]
[White "Levers, Jimmy"]
[Black "Denaes, Marie Therese"]
[Result "0-1"]
[WhiteElo "1010"]
[BlackElo "1040"]
[PlyCount "124"]
[EventDate "2003.04.12"]
[EventType "swiss"]
[EventRounds "7"]
[EventCountry "FRA"]
[SourceTitle "EXT 2008"]
[Source "ChessBase"]
[SourceDate "2007.11.25"]
[SourceVersion "1"]
[SourceVersionDate "2007.11.25"]
[SourceQuality "1"]

1. d4 d5 2. Nf3 Nc6 3. Bf4 Nf6 4. e3 Bd7 5. Bd3 e6 6. Nc3 h6 7. 0-0 g6 8. h3 Bg7 9. Qe2 0-0 10. Rad1 b6 11. a3 a6 12. Rd2 Nh5 13. Bh2 Nf6 14. b4 Na7 15. Bxa6 Bc8 16. Bd3 Bd7 17. a4 Nc6 18. b5 Nb4 19. Ra1 Qc8 20. Be5 Ne8 21. Bxg7 Kxg7 22. Ne5 Qd8 23. Nxd7 Qxd7 24. Rdd1 Qe7 25. Rdb1 Nf6 26. e4 Ra5 27. exd5 Nbxd5 28. Nxd5 Nxd5 29. c4 Nf4 30. Qd2 Nh5 31. c5 Raa8 32. cxb6 cxb6 33. Qb4 Qd8 34. Be2 Nf4 35. Bf3 Ra5 36. Rc1 Nd3 37. Qd2 Nxc1 38. Qxc1 Qxd4 39. Qc6 Qxa1+ 40. Kh2 Rxa4 41. Qxb6 Qe5+ 42. g3 Ra1 43. Qc6 Ra2 44. Kg2 Qe1 45. h4 Qxf2+ 46. Kh3 Ra4 47. b6 Qf1+ 48. Bg2 Qf5+ 49. g4 Qxg4+ 50. Kh2 Qxh4+ 51. Bh3 Ra2+ 52. Qg2 Qf4+ 53. Kh1 Ra1+ 54. Qg1 Rxg1+ 55. Kxg1 Rb8 56. Kg2 Rxb6 57. Kh1 Rb1+ 58. Kg2 Rb2+ 59. Kg1 Qc1+ 60. Bf1 Qe3+ 61. Kh1 Qg3 62. Bh3 Qh2# 0-1

[Event "FRA-ch du Nord"]
[Site "France"]
[Date "2003.04.14"]
[Round "5"]
[White "Levers, Jimmy"]
[Black "Marchandise, Charles"]
[Result "0-1"]
[WhiteElo "1010"]
[BlackElo "1480"]
[PlyCount "88"]
[EventDate "2003.04.12"]
[EventType "swiss"]
[EventRounds "7"]
[EventCountry "FRA"]
[SourceTitle "EXT 2008"]
[Source "ChessBase"]
[SourceDate "2007.11.25"]
[SourceVersion "1"]
[SourceVersionDate "2007.11.25"]
[SourceQuality "1"]

1. e4 e5 2. d3 Bc5 3. Nf3 d6 4. Nc3 h6 5. Be2 Nf6 6. 0-0 Nc6 7. a3 a6 8. b4 Ba7 9. Be3 Bxe3 10. fxe3 0-0 11. d4 exd4 12. exd4 Ne7 13. e5 Nfd5 14. Nxd5 Nxd5 15. c4 Ne3 16. Qd3 Nxf1 17. Rxf1 dxe5 18. Nxe5 Qg5 19. Qe4 c6 20. Nf3 Qf5 21. Qxf5 Bxf5 22. a4 Rfd8 23. b5 axb5 24. cxb5 cxb5 25. Bxb5 Be4 26. Rd1 Bxf3 27. gxf3 Rd6 28. d5 g5 29. h3 f6 30. Kg2 Kg7 31. Rd4 f5 32. Kg3 Kf6 33. h4 Ke5 34. Rd1 gxh4+ 35. Kxh4 Kf4 36. Rd4+ Kxf3 37. Kh5 Ke3 38. Rd1 f4 39. Kg4 Rf8 40. a5 f3 41. Kg3 f2 42. Kg2 Rf5 43. Bc4 Rg6+ 44. Kf1 Rg1# 0-1